Diccionario Vértice Everest : Español - Portugués / Português - Espanhol

Transcripción fonética - Explicaciones gramaticales - Aclaraciones ortográficas - Locuciones y frases hechas - Ejemplos de uso - Verbos regulares e irreguares

Guardado en:
Formato: Desconocido
Idioma:Spanish
Publicado: La Coruña : Everest, 2003
Series:Everest diccionarios
Materias:
Etiquetas: Agregar Etiqueta
Sin Etiquetas, Sea el primero en etiquetar este registro!
LEADER 00650nac a22001575a 4500
001 DER.der003523
005 20190705123714.0
008 180615s2003####sp#||||||||||||||#||spa||
020 |a 84-241-1457-4 
245 1 0 |a Diccionario Vértice Everest :  |b Español - Portugués / Português - Espanhol 
260 |a La Coruña :  |b Everest,  |c 2003 
300 |a 762 p. 
440 0 |a Everest diccionarios 
520 |a Transcripción fonética - Explicaciones gramaticales - Aclaraciones ortográficas - Locuciones y frases hechas - Ejemplos de uso - Verbos regulares e irreguares 
653 |a DICCIONARIO ESPANOL - PORTUGUES 
859 |a DERECHO  |b BIB. DERECHO  |h 036  |i DIC  |k 00  |p 005230